000 00360nam a2200133Ia 4500
005 20260328101519.0
008 260328s9999||||xx |||||||||||||| ||und||
100 _aGuerra de la Vega, Ramón
245 0 _aMadrid :
_b Guía de Nueva Arquitectura /
_cRamón Guerra de la Vega
260 _bAG
300 _a127 p.
650 _aARQUITECTURA REGIONAL
942 _cBK
999 _c9531
_d9531